| 000 | 00586cam a22002411 4500 | ||
|---|---|---|---|
| 001 | 6526301 | ||
| 005 | 20180226040907.0 | ||
| 008 | 720112s1956 xx 000 0 eng | ||
| 010 | _a 56009335 | ||
| 015 | _aGB56-12058 | ||
| 035 | _a(OCoLC)203924 | ||
| 040 |
_aDLC _cODaWU _dOkU-M _dOCoLC _dUk _dDLC |
||
| 041 | _aeng | ||
| 042 | _apremarc | ||
| 060 | _aWM 178 O24a 1956 | ||
| 080 | _a159.9 ODI | ||
| 082 | _a159.9 ODI | ||
| 100 | 1 | _a49 | |
| 101 | _aPSI | ||
| 245 | 1 | 0 | _aAnxiety and magic thinking. |
| 906 |
_a7 _bcbc _coclcrpl _du _encip _f19 _gy-gencatlg |
||
| 942 |
_2ddc _cBK |
||
| 999 |
_c43411 _d43411 |
||